000 00608nam a22002177a 4500
003 UA-OsUOA
001 57420
007 ta
008 20081223b un ||||| |||| 00| 0 ukr d
100 _aЄфременко В.
090 _a330
_bЄ-12
942 _cSA
040 _aUA-OsUOA
_bukr
_cUA-OsUOA
_dUA-OsUOA
245 _aСоціальна економіка в концепції еволюції соціально-економічних систем
300 _aС.10-29
955 _a0
041 _aukr
080 _a330
773 0 _w57419
650 7 _a330 Економіка взагалі
_2UDC
999 _c343491
_d343491